书目信息 |
| 题名: |
功成名就的10大黄金法则
|
|
| 作者: | 多德, , 田口雪莉 著 ;燕清联合 译 | |
| 分册: | ||
| 出版信息: | 北京 电子工业出版社 2005.01 |
|
| 页数: | 220页 | |
| 开本: | 24cm | |
| 丛书名: | ||
| 单 册: | ||
| 中图分类: | B848.4 | |
| 科图分类: | ||
| 主题词: | 成功心理学 | |
| 电子资源: | ||
| ISBN: | 7-121-00472-0 | |
| 000 | 01183nam0 2200289 450 | |
| 001 | 010563634765 | |
| 005 | 20050925165414.07 | |
| 010 | @a7-121-00472-0@dCNY25.00 | |
| 100 | @a20050304d2005 km y0chiy0120 ea | |
| 101 | 1 | @achi@ceng |
| 102 | @aCN@b110000 | |
| 105 | @aa z 000yy | |
| 200 | 1 | @a功成名就的10大黄金法则@Agong cheng ming jiu de 10 da huang jin fa ze@d= The ultimate guide to getting the career you want@f(美) 卡伦·多德, 田口雪莉著@F(mei)ka lun·duo de,tian kou xue li zhu@g燕清联合译@Gyan qing lian he yi@zeng |
| 210 | @a北京@c电子工业出版社@d2005.01 | |
| 215 | @a220页@c图@d24cm | |
| 305 | @a据美国麦格劳-希尔出版公司2004年英文版译出 | |
| 306 | @a由电子工业出版社和美国麦格劳-希尔教育 (亚洲) 出版公司合作出版。 | |
| 314 | @a责任者规范汉译姓:多德。 | |
| 330 | @a本书内容包括:学习过去,评价现在,展望未来,采取行动:管理你的职业。 | |
| 510 | 1 | @aUltimate guide to getting the career you want@zeng |
| 606 | 0 | @a成功心理学 |
| 690 | @aB848.4@v4 | |
| 701 | 1 | @a多德,@Aduo de,@bK. O.@g(Dowd, Karen O.)@4著 |
| 701 | 0 | @a田口雪莉@Atian kou xue li@4著 |
| 702 | 0 | @a燕清联合@Ayan qing lian he@4译 |
| 801 | 0 | @aCN@bbQSSK@c20050925 |
| 905 | @a10447@dB848.4@eD970 | |
| 功成名就的10大黄金法则= The ultimate guide to getting the career you want/(美) 卡伦·多德, 田口雪莉著/燕清联合译.-北京:电子工业出版社,2005.01 |
| 220页:图;24cm |
| ISBN 7-121-00472-0:CNY25.00 |
| 本书内容包括:学习过去,评价现在,展望未来,采取行动:管理你的职业。 |
| ● |
| 相关链接 |
|
|
|
正题名:功成名就的10大黄金法则
索取号:B848.4/D970
 
预约/预借
| 序号 | 登录号 | 条形码 | 馆藏地/架位号 | 状态 | 备注 |
| 1 | 571863 | 205718632 | 社科库509/509社科库 43排1列6层/ [索取号:B848.4/D970] | 在馆 | |
| 2 | 571864 | 205718641 | 社科库509/509社科库 43排1列6层/ [索取号:B848.4/D970] | 在馆 | |
| 3 | 571865 | 205718650 | 社科库509/509社科库 43排1列6层/ [索取号:B848.4/D970] | 在馆 |